| LEADER | 01044nam a2200229 i 4500 | ||
|---|---|---|---|
| 003 | GR-PaULI | ||
| 005 | 20210117210451.0 | ||
| 008 | 171002t2007 rm o|||g |||| 000 0 eng d | ||
| 020 | |a 9789738319479 | ||
| 040 | |a GR-PaULI |b gre |c GR-PaULI |e AACR2 | ||
| 041 | 1 | |a eng |h rum | |
| 082 | 0 | 4 | |2 23 |a 949.5 |
| 100 | 1 | |9 164482 |a Scalcau, Paula-Livia, |d 1958- |e συγγραφέας | |
| 245 | 1 | 0 | |a Hellenism in Romania : |b a chronological history / |c Paula Scalcau ; foreword by Georgeta Filitti ; English version by: Ileana Barbu and Daniela Dolgu. |
| 260 | |a Bucharest : |b Omonia, |c 2007. | ||
| 300 | |a 221 σ. : |b φωτ. ; |c 23 εκ. | ||
| 504 | |a Περιλαμβάνει βιβλιογραφία και ευρετήριο. | ||
| 650 | 4 | |9 78403 |a Έλληνες |z Ρουμανία |x Ιστορία | |
| 942 | |2 ddc |c BK15 | ||
| 952 | |0 0 |1 0 |2 ddc |4 0 |6 949_500000000000000_SCA |7 0 |9 215557 |a LISP |b LISP |c DON |d 2017-10-02 |e ΒΑΛ |i 128812 |l 0 |o 949.5 SCA |p 025000246096 |r 2017-10-02 00:00:00 |t 1 |v 2017.00 |w 2017-10-02 |y BK15 | ||
| 998 | |c ΒΑΣΙΛΕΙΟΥ |d 2017-10 | ||
| 999 | |c 130959 |d 130959 | ||